header

Macrofoundations of political economy and development (Record no. 237982)

MARC details
000 -LEADER
fixed length control field 01252nam a2200313Ia 4500
082 04 - DEWEY DECIMAL CLASSIFICATION NUMBER
Classification number 339.5
100 1# - MAIN ENTRY--AUTHOR NAME
Personal name Goalstone, David,
245 10 - TITLE STATEMENT
Title Macrofoundations of political economy and development
260 ## - PUBLICATION, DISTRIBUTION, ETC. (IMPRINT)
Place of publication Basingstoke :
Name of publisher Palgrave Macmillan,
Year of publication 2007.
300 ## - PHYSICAL DESCRIPTION
Number of Pages xxvii, 328 p.
650 #0 - SUBJECT ADDED ENTRY--TOPICAL TERM
Topical Term Subsistence economy.
Topical Term Economic development.
856 40 - ELECTRONIC LOCATION AND ACCESS
Uniform Resource Identifier http://site.ebrary.com/lib/rucke/Doc?id=10175727

No items available.

© 2026 Rongo University
Contact us: librarian | system librarian | Rongo university